Las voces del desierto (Record no. 197857)
[ view plain ]
| 000 -LEADER | |
|---|---|
| campo de control de longitud fija | 01406cam a22003974 4500 |
| 001 - NÚMERO DE CONTROL | |
| campo de control | 197857 |
| 003 - IDENTIFICADOR DE NÚMERO DE CONTROL | |
| campo de control | ES-MaACL |
| 005 - FECHA Y HORA DE LA ÚLTIMA TRANSACCIÓN | |
| campo de control | 20251122063147.0 |
| 008 - DATOS DE LONGITUD FIJA--INFORMACIÓN GENERAL | |
| campo de control de longitud fija | 251002s2009 sp | |||| 000 f spa |
| 017 ## - NÚMERO DE COPYRIGHT O DE DEPÓSITO LEGAL | |
| Número de copyright o de depósito legal | B 33310-2009 |
| Agencia que asigna | Oficina Depósito Legal Barcelona |
| 020 ## - NÚMERO INTERNACIONAL ESTÁNDAR DEL LIBRO | |
| Número Internacional Estándar del Libro | 9788498722680 |
| 040 ## - FUENTE DE CATALOGACIÓN | |
| Centro catalogador/agencia de origen | ES-MaACL |
| Lengua de catalogación | spa |
| Centro/agencia transcriptor | ES-MaACL |
| Normas de descripción | rdc |
| 080 ## - NÚMERO DE LA CLASIFICACIÓN DECIMAL UNIVERSAL | |
| Número de la Clasificación Decimal Universal | 821.111(73)-31"19" |
| 100 ## - ENTRADA PRINCIPAL--NOMBRE DE PERSONA | |
| Nombre de persona | Morgan, Marlo, |
| Fechas asociadas al nombre | 1937- |
| Término indicativo de función/relación | Autor |
| 9 (RLIN) | 242318 |
| 240 10 - TÍTULO UNIFORME | |
| Título uniforme | Mutant message down under. |
| Lenguaje de la obra | Español |
| 245 14 - MENCIÓN DEL TÍTULO | |
| Título | Las voces del desierto |
| Mención de responsabilidad, etc. | Marlo Morgan ; [traducción, Gemma Moral Bartolomé] |
| 250 ## - MENCION DE EDICION | |
| Mención de edición | 1ª Edición: Mayo 2009 |
| Resto de la mención de edición | 11ª Reimpresión : Agosto 2016 |
| 264 #1 - PRODUCCIÓN, PUBLICACIÓN, DISTRIBUCIÓN, FABRICACIÓN Y COPYRIGHT | |
| Producción, publicación, distribución, fabricación y copyright | Barcelona |
| Nombre del de productor, editor, distribuidor, fabricante | Ediciones B, |
| Fecha de producción, publicación, distribución, fabricación o copyright | [2016] |
| 264 #4 - PRODUCCIÓN, PUBLICACIÓN, DISTRIBUCIÓN, FABRICACIÓN Y COPYRIGHT | |
| Producción, publicación, distribución, fabricación y copyright | ©2009 |
| 300 ## - DESCRIPCIÓN FÍSICA | |
| Extensión | 209 páginas ; |
| Dimensiones | 20 cm |
| 336 ## - TIPO DE CONTENIDO | |
| Fuente | rdacontent |
| Término de tipo de contenido | texto |
| 337 ## - TIPO DE MEDIO | |
| Fuente | rdamedia |
| Nombre/término del tipo de medio | sin mediación |
| 338 ## - TIPO DE SOPORTE | |
| Fuente | rdacarrier |
| Nombre/término del tipo de soporte | volumen |
| 490 1# - MENCIÓN DE SERIE | |
| Mención de serie | Grandes viajes. |
| Nombre de parte o sección de la obra | Australia. Ficción |
| 594 ## - NOTA AL TITULO Y MENCION DE RESPONSABILIDAD | |
| Nota al título y mención de responsabilidad | Traducción de: Mutant message down under |
| 655 #0 - TERMINO DE INDIZACIÓN--GENERO/FORMA | |
| 9 (RLIN) | 234459 |
| Datos o término principal de género/forma | Novelas de acción y aventuras |
| 700 1# - ENTRADA AGREGADA--NOMBRE PERSONAL | |
| 9 (RLIN) | 242436 |
| Nombre de persona | Moral Bartolomé, Gemma |
| Término indicativo de función/relación | Traductor |
| 852 ## - LOCALIZACIÓN | |
| Ubicación | ES-MaACL |
| Ubicación en estantería | Depósito 1 |
| Número de control de estantería | A-15817 |
| Encuadernación | Encuadernación rústica |
| itemnumber | 206857 |
| 901 ## - NOMBRE PERSONAL DE POSESOR | |
| a | MON0907 |
| 942 ## - ELEMENTOS DE ENTRADA SECUNDARIOS (KOHA) | |
| Tipo de ítem Koha | Libro impreso |
| Suprimir en OPAC | No |
| 956 ## - LOCALIZACIÓN Y ACCESO ELECTRÓNICOS LOCAL (OCLC) | |
| Nombre del host | 2 |
| Estatus retirado | Estado de pérdida | Fuente del sistema de clasificación o colocación | Estado de daño | No para préstamo | Biblioteca de origen | Biblioteca actual | Ubicación en estantería | Fecha de adquisición | Fuente de adquisición | Total de préstamos | Signatura topográfica completa | Código de barras | Visto por última vez | Precio de reemplazo | Tipo de ítem Koha |
|---|---|---|---|---|---|---|---|---|---|---|---|---|---|---|---|
| Clasificación decimal universal | Biblioteca del Ateneo de Madrid | Biblioteca del Ateneo de Madrid | Depósito 1 | 02/10/2025 | Donación | A-15817 | 2025-1221 | 27/10/2025 | 27/10/2025 | Libro impreso |
